|
|
|
|
| LEADER |
01428cam a2200313 a 4500 |
| 001 |
c000217126 |
| 003 |
CARM |
| 005 |
20031003211553.0 |
| 008 |
730806s1972 at a 000 0 eng d |
| 019 |
1 |
|
|a 1631770
|5 LACONCORD2021
|
| 020 |
|
|
|a 0855880473 :
|c gratis
|
| 035 |
|
|
|a (OCoLC)27573162
|5 LACONCORD2021
|
| 040 |
|
|
|a ANB
|b eng
|c ANB
|d ANB
|
| 042 |
|
|
|a anuc
|
| 043 |
|
|
|a u-at---
|
| 050 |
1 |
4 |
|a TE228
|b .M36 1972
|
| 082 |
0 |
4 |
|a 625.794/0994
|
| 082 |
0 |
4 |
|a 625.794/0994
|
| 110 |
2 |
|
|a National Association of Australian State Road Authorities.
|
| 245 |
1 |
0 |
|a Manual for the operation of changing signs to the metric system /
|c National Association of Australian State Road Authorities.
|
| 260 |
|
|
|a Brickfield Hill, N.S.W. :
|b National Association of Australian State Road Authorities,
|c 1972.
|
| 300 |
|
|
|a 6,[6]p. :
|b ill. ;
|c 21cm.
|
| 500 |
|
|
|a Road signs. Conversion to metric system. Australia. Manuals (ANB/PRECIS SIN 600175669)
|
| 500 |
|
|
|a Available from The Secretary, National Association of Australian State Road Authorities, P.O. Box 141, Brickfield Hill, N.S.W. 2000.
|
| 650 |
|
0 |
|a Traffic signs and signals
|z Australia
|x Handbooks, manuals, etc.
|
| 650 |
|
0 |
|a Metric system.
|
| 852 |
8 |
|
|b CARM
|h A2:AK06A0
|i B06042
|p 0270572
|f BK
|
| 999 |
f |
f |
|i 4d8ac90e-4f8f-57ae-a332-34bf5bbf37a8
|s f99000a1-998c-5551-bbd3-ff627d660c53
|
| 952 |
f |
f |
|p Can circulate
|a CAVAL
|b CAVAL
|c CAVAL
|d CARM 1 Store
|e B06042
|f A2:AK06A0
|h Other scheme
|i book
|m 0270572
|